000 00707nam a2200217Ia 4500
003 GCL
008 140319s9999 xx 000 0 ara d
040 _aGCL /
_cGCL
082 0 4 _a398.21
_bع ح
100 1 _aعبدالحميد يونس
245 1 0 _aالحكايات الشعبية /
_cعبدالحميد يونس
260 _a[S.N] :
_bالمؤسسة المصرية العامة للتاليف والترجمة ،
_c1968
300 _a103 ص
490 _aالمكتبة الثقافية
_v0
650 0 4 _aالادب الشعبى
650 0 4 _aالخرافات
650 0 4 _aالقصص الخرافية
650 0 4 _aالاساطير
650 0 4 _aالقصص الشعبية
942 _2ddc
_cBK
999 _c54447
_d54447